000 00642nam a22002052 4500
001 0000011771
005 20151217155847.0
008 090107s xx 000 0 eng d
040 _aKABU
_cKABU
100 1 _aPienaar, A. A.
_@0000167769
245 1 4 _aThe Adventures of a lion family and other studies of wild life in East Africa /
_cA. A. Pienaar.
250 _aSwan ed.
260 _aLondon :
_bLongmans,
_c1931.
300 _axv, 256 p.
650 0 _aLions.
_@0000161510
650 0 _aZoology
_zAfrica, East.
_@0000167770
852 1 _9p200 KES
908 _a090107
950 _@1
999 _c13383
_d13383